|
|
|
แสดงรายละเอียดบรรณานุกรม |
|
|
Brief Record
: Get Marc (ISO 2709)
: E-mail record
: |
| LEADER : 00000nam 2200000uu 4500 | |||
| 001 13399125604 | |||
| 003 ULIB | |||
| 008 170706s2559||||th 000 0 tha d | |||
| 020 ^a9789741959686 | |||
| 060 04 ^aQV737^bธ666s | |||
| 100 0 ^aธีระพงษ์ ศรีศิลป์ | |||
| 245 10 ^aShort note pharmacotherapy โรคในร้านยา ฉบับปรับปรุง พ.ศ. 2559/^cเรียบเรียงโดย ธีระพงษ์ ศรีศิลป์ | |||
| 246 30 ^aโรคในร้านยา | |||
| 250 ^aพิมพ์ครั้งที่ 1 | |||
| 260 ^aมหาสารคาม :^bคณะเภสัชศาสตร์ มหาวิทยาลัยมหาสารคาม,^c2559 | |||
| 300 ^a188 หน้า ;^c21 ซม. | |||
| 650 2 ^aCommunity Pharmacy Services | |||
| 650 2 ^aDrugs^xtherapeutic use | |||
| 650 2 ^aDrug Therapy | |||
| 650 4 ^aร้านขายยา | |||
| 650 4 ^aโรค^xการรักษาด้วยยา | |||
| 650 4 ^aการรักษาด้วยยา | |||
| 650 4 ^aยา^xการใช้รักษา | |||
| 710 2 ^aมหาวิทยาลัยมหาสารคาม.^bคณะเภสัชศาสตร์ | |||
| 945 ^p0^l0^i002538 | |||
| 945 ^p0^l0^i002539 | |||
| 945 ^p0^l0^i002540 | |||
| 999 ^aวรรณษา ชูชัยมงคล | |||
| คุณยังไม่ได้ล็อกอิน คุณสามารถมีกิจกรรมร่วมกับเว็บไซต์ได้ แต่ต้องล็อกอินก่อน :: |
|
รายการสื่อสารสนเทศ |
| สถานะ | |||||
| 1. | วิทยาศาสตร์การแพทย์ และสุขภาพ สถานะ=หนังสือเก่า | QV737 ธ666s ฉ.1 Barcode: 002538 | ►ส่วนจัดเก็บหนังสือเก่า สปร | บนชั้น ขอยืม | |
| 2. | วิทยาศาสตร์การแพทย์ และสุขภาพ สถานะ=หนังสือเก่า | QV737 ธ666s ฉ.2 Barcode: 002539 | ►ส่วนจัดเก็บหนังสือเก่า สปร | บนชั้น ขอยืม | |
| 3. | วิทยาศาสตร์การแพทย์ และสุขภาพ สถานะ=หนังสือเก่า | QV737 ธ666s ฉ.3 Barcode: 002540 | ►ส่วนจัดเก็บหนังสือเก่า สปร | บนชั้น ขอยืม | |
| รายการใกล้เคียง ผู้แต่ง [ธีระพงษ์ ศรีศิลป์]
หัวเรื่อง [Community Pharmacy Services] หัวเรื่อง [Drug Therapy]
|
BibComment |
| คอมเมนท์ทรัพยากรรายการนี้ |
|
| |
Copyright 2026. Bcnsprnw @Library |
|